000 00530nam a2200217Ia 4500
003 0100
008 130303s9999 xx 000 0 und d
040 _cARRUPELIB
050 _aB235P22E6
100 _aTaran, Leonardo
245 _aParmenides
245 _ba text with translation, commentary, and critical essays
260 _aNew Jersey
260 _bPrinceton University Press
260 _C1965
300 _axv
300 _b 314p. 21cm.
650 _bWestern philosophy
700 _aParmenides
942 0 0 _02
999 _c40078
_d40078